000 00624nam a2200181Ia 4500
008 090123s9999 xx 000 0 und d
082 _b39019
100 _aपै शिरीष
245 _aओशो प्रतिभावंत ध्यानयोगी
250 _a1
260 _bप्रतिक प्रकाशन
_c2005
300 _a120
600 _aपै शिरीष
630 _aओशो प्रतिभावंत ध्यानयोगी
700 _aपै शिरीष
730 _aओशो प्रतिभावंत ध्यानयोगी
942 _cBOOK
999 _c77088
_d77088